Top 50 IFFHS football players of 20th century - Statistics

General Stats
  • This quiz has been taken 156 times
  • The average score is 19 of 50
Answer Stats
Position Country Main Club Answer Points % Correct
1 Brazil Santos Pelé 1,705
100%
2 Netherlands Ajax Johan Cruyff 1,303
98%
5 Argentina Napoli Diego Maradona 1,214
95%
13 Germany Bayern Munich Gerd Müller 265
95%
6 Hungary Real Madrid Ferenc Puskás 810
92%
4 Argentina/Spain Real Madrid Alfredo Di Stéfano 1,215
90%
7 France Juventus Michel Platini 722
88%
9 Portugal Benfica Eusébio 544
86%
12 Netherlands AC Milan Marco van Basten 315
84%
16 Northern Ireland Manchester United George Best 187
82%
10 England Manchester United Bobby Charlton 508
78%
8 Brazil Botafogo Garrincha 624
78%
15 Germany Inter Milan Lothar Matthäus 202
71%
27 Liberia AC Milan George Weah 79
64%
3 Germany Bayern Munich Franz Beckenbauer 1,228
60%
24 England West Ham Bobby Moore 98
59%
14 Brazil Flamengo Zico 207
58%
26 Mexico Real Madrid Hugo Sánchez 85
53%
35 Germany Bayern Munich Karl-Heinz Rummenigge 59
46%
11 England Stoke City Stanley Matthews 368
45%
50 Scotland Manchester United Denis Law 29
38%
30 France Stade Reims Just Fontaine 73
33%
38 England Liverpool Kevin Keegan 53
32%
39 Hungary Budapest Honved Sándor Kocsis 52
29%
45 Germany Hamburger Uwe Seeler 40
24%
19 Brazil Fluminense Didi 116
23%
18 Netherlands AC Milan Ruud Gullit 119
23%
33 Italy AC Milan Franco Baresi 70
19%
46 Sweden AC Milan Gunnar Nordahl 36
17%
17 Uruguay Peñarol Juan Alberto Schiaffino 158
17%
28 Cameroon Bastia Roger Milla 78
17%
48 Peru Alianza Lima Teófilo Cubillas 34
14%
36 Argentina/Italy Juventus Omar Sivori 56
13%
19 Italy AC Milan Gianni Rivera 116
12%
21 Italy Inter Milan Giuseppe Meazza 108
11%
43 France Stade Reims Raymond Kopa 41
11%
23 Germany Kaiserslautern Fritz Walter 103
10%
30 Spain Real Madrid Paco Gento 73
10%
37 Chile Internacional Elias Figueroa 55
9%
41 Czech Republic Dukla Prague Josef Masopust 46
9%
29 Uruguay Nacional José Leandro Andrade 74
9%
25 Argentina River Plate José Manuel Moreno 96
9%
34 Czech Republic/Austria Slavia Prague Josef Bican 63
8%
22 Austria Austria Wien Matthias Sindelar 106
8%
43 Italy Inter Milan Sandro Mazzola 41
8%
42 Italy Inter Milan Giacinto Facchetti 44
6%
32 Hungary/Spain Barcelona László Kubala 71
5%
47 Brazil Flamengo Zizinho 35
3%
49 Chile Independiente Arsenio Erico 30
2%
40 Uruguay Nacional Héctor Scarone 51
1%
No matching quizzes found
Score Distribution
Percent of People with Each Score
Percentile by Number Answered
Your Score History
You have not taken this quiz